000 00531nam a22001697a 4500
999 _c63989
_d63989
005 20260305102340.0
008 260305s2001 enk||||| |||| 00| 0 eng d
020 _a9780700713837x
041 _aeng
080 _a811.521 C-21
100 _aCarroll, Tessa
_927051
245 _aLanguage Planning and Language Change in Japan /
_cTessa Carroll.
264 _aLondon :
_bRoutledge,
_c2001.
300 _a276 p.;
_b24 cm.
653 _aენის ცვლილება იაპონიაში
942 _2udc
_cᲬᲘᲒᲜᲘ